Strategies to eradicate illiteracy from India in the era of globalisation (Record no. 82319)

000 -LEADER
fixed length control field 01274pab a2200193 454500
008 - FIXED-LENGTH DATA ELEMENTS--GENERAL INFORMATION
fixed length control field 180718b2009 xxu||||| |||| 00| 0 eng d
100 ## - MAIN ENTRY--PERSONAL NAME
Personal name Lazarus, Shantilin
245 ## - TITLE STATEMENT
Title Strategies to eradicate illiteracy from India in the era of globalisation
260 ## - PUBLICATION, DISTRIBUTION, ETC.
Date of publication, distribution, etc. 2009
300 ## - PHYSICAL DESCRIPTION
Extent p.108-118.
362 ## - DATES OF PUBLICATION AND/OR SEQUENTIAL DESIGNATION
Dates of publication and/or sequential designation Jan-Mar
520 ## - SUMMARY, ETC.
Summary, etc. There are several challenges to achieve the target of universal literacy and education in India. The state efforts being slow and inadequate in this direction, it is the responsibility of the thinking people and the educationists to advocate innovative strategies and explore possible alternatives for overcoming the malady of illiteracy. Besides stepping up allocations for education the government should ensure involvement of educationists and civil society in policy implementations. A strong and effective regulatory mechanism is also required to prevent commercialisation of higher and technical education. Above all an astute leadership and political commitment are needed to achieve, what appears to be a distant dream, total literacy. - Reproduced.
650 ## - SUBJECT ADDED ENTRY--TOPICAL TERM
Topical term or geographic name entry element Globalization - India
650 ## - SUBJECT ADDED ENTRY--TOPICAL TERM
Topical term or geographic name entry element Illiteracy - India
650 ## - SUBJECT ADDED ENTRY--TOPICAL TERM
Topical term or geographic name entry element Illiteracy
773 ## - HOST ITEM ENTRY
Main entry heading Indian Journal of Public Administration
908 ## - PUT COMMAND PARAMETER (RLIN)
Put command parameter N
909 ## -
-- 82319
Holdings
Withdrawn status Lost status Damaged status Not for loan Permanent Location Current Location Date acquired Serial Enumeration / chronology Barcode Date last seen Price effective from Koha item type
        Indian Institute of Public Administration Indian Institute of Public Administration 2018-07-19 Volume no: 55, Issue no: 1 AR82779 2018-07-19 2018-07-19 Articles

Powered by Koha